00255nam a2200121Ia 45000030006000000080041000060400015000471000011000622450012000732600019000855460012001040050017001160STCL150530s9999 xx 000 0 und d aSTCLcSTCL aBaliac aChouans bJ.M.Dentc1921 aEnglish20220125171049.0